Historia del cine
Guardat en:
| Autor principal: | |
|---|---|
| Format: | Llibre |
| Idioma: | espanyol |
| Publicat: |
Buenos Aires
Nueva Visión
1960
|
| Edició: | 2a. ed |
| Col·lecció: | Colección Estudios Cinematográficos
|
| Matèries: | |
| Etiquetes: |
Afegir etiqueta
Sense etiquetes, Sigues el primer a etiquetar aquest registre!
|
MARC
| LEADER | 00000nam a2200000 a 4500 | ||
|---|---|---|---|
| 001 | UCV8987 | ||
| 003 | CL-VaPUC | ||
| 008 | 920401e19600000AG |||||||||||||||||spa|d | ||
| 082 | 0 | 4 | |a 791.43 |b SAD |2 21 |
| 100 | 0 | |a Sadoul, Georges |e author |9 302961 | |
| 245 | 1 | 0 | |a Historia del cine |
| 250 | |a 2a. ed | ||
| 300 | |a 2 v | ||
| 942 | |c BK | ||
| 945 | |d 19920401 00:00:00 | ||
| 260 | |a Buenos Aires |b Nueva Visión |c 1960 | ||
| 650 | 0 | |a Historia del cine |9 265166 | |
| 583 | |a last modification |c 20180402 05:45:42 |k Rodrigo Vera | ||
| 490 | 0 | |a Colección Estudios Cinematográficos | |
| 999 | |c 214391 |d 214389 | ||
| 952 | |0 0 |1 0 |4 0 |6 791_430000000000000_SAD_1960 |7 0 |8 A |9 197698 |a BIBARQ |b BIBARQ |d 2019-11-14 |h v.1 |i 2653605 |o 791.43 SAD 1960 |p 2653605 |r 2025-01-20 |w 2019-11-14 |y BK |k ARQ | ||
| 952 | |0 0 |1 0 |4 0 |6 791_430000000000000_SAD_1960 |7 0 |8 A |9 197699 |a BIBARQ |b BIBARQ |d 2019-11-14 |h v.2 |i 2653613 |o 791.43 SAD 1960 |p 2653613 |r 2025-01-20 |w 2019-11-14 |y BK |k ARQ | ||